| 000 | 00762nam a2200229Ii 4500 | ||
|---|---|---|---|
| 003 | JO-AjNU | ||
| 008 | 230605s9999||||xx |||||||||||||| ||und|| | ||
| 017 | _a2005/16268 | ||
| 040 |
_aJO-AjNU _bara _erda _cJO-AjNU |
||
| 041 | _aara | ||
| 050 | 1 | 4 | _aB395.R6312.2005 |
| 100 | 3 |
_aودفين،روبرت ، جروفس،جودي ، إمام،إمام عبد الفتاح /ترجمة, _eauthor _924061 |
|
| 245 | 0 | 0 | _aأرسطو |
| 250 | _aط1 | ||
| 264 | 3 | 1 | _aالقاهرة:المجلس الاعلى للثقافة ،2005 |
| 300 | _a184ص | ||
| 336 |
_atext _btxt _2rdacontent |
||
| 337 |
_aunmediated _bn _2rdamedia |
||
| 338 |
_avolume _bnc _2rdacarrier |
||
| 490 | 0 | _aاقدم لك | |
| 650 | 4 |
_a الفلاسفة اليونانيون- تراجم _924062 |
|
| 999 |
_aA8802 _c12370 _d12370 |
||